Влияние числа проходов электронного луча на структурно-фазовое состояние покрытий на основе стали Р6М5; Современные проблемы машиностроения

Podrobná bibliografie
Parent link:Современные проблемы машиностроения.— 2008.— С. 281-285
Další autoři: Гнюсов К. С., Игнатов А. А. Андрей Алексеевич, Гнюсов С. Ф. Сергей Фёдорович, Дураков В. Г.
Jazyk:ruština
Vydáno: 2008
Témata:
Médium: MixedMaterials Kapitola
KOHA link:https://koha.lib.tpu.ru/cgi-bin/koha/opac-detail.pl?biblionumber=157884

MARC

LEADER 00000naa2a2200000 4500
001 157884
005 20231031154037.0
035 |a (RuTPU)RU\TPU\book\171253 
090 |a 157884 
100 |a 20090415d2008 k y0rusy50 ca 
101 0 |a rus 
102 |a RU 
200 1 |a Влияние числа проходов электронного луча на структурно-фазовое состояние покрытий на основе стали Р6М5  |f К. С. Гнюсов [и др.] 
463 0 |0 (RuTPU)RU\TPU\book\164780  |t Современные проблемы машиностроения  |o труды IV Международной научно-технической конференции, 26-28 ноября 2008 г., Томск  |f Томский политехнический университет (ТПУ)  |v С. 281-285  |d 2008  |p 666 с. 
610 1 |a электронные лучи 
610 1 |a структурно-фазовое состояние 
610 1 |a покрытия 
610 1 |a сталь 
610 1 |a вакуумная наплавка 
610 1 |a электронно-лучевая наплавка 
610 1 |a наплавка 
610 1 |a упрочнение 
610 1 |a наплавленные покрытия 
610 1 |a труды учёных ТПУ 
701 1 |a Гнюсов  |b К. С. 
701 1 |a Игнатов  |b А. А.  |c специалист в области сварочного производства  |c инженер Томского политехнического университета  |f 1987-  |g Андрей Алексеевич  |2 stltpush  |3 (RuTPU)RU\TPU\pers\35384 
701 1 |a Гнюсов  |b С. Ф.  |c специалист в области машиностроения  |c профессор Томского политехнического университета, доктор технических наук  |f 1960-  |g Сергей Фёдорович  |2 stltpush  |3 (RuTPU)RU\TPU\pers\26508 
701 1 |a Дураков  |b В. Г. 
801 1 |a RU  |b 63413507  |c 20090415  |g PSBO 
801 2 |a RU  |b 63413507  |c 20151103  |g RCR 
942 |c BK